BĽR: Nové metódy hospodárenia

Bibliographic Details
Main Author: Ganev, A. (Author)
Format: Article
Language:Slovak
Subjects:

MARC

LEADER 00000nab a2200000 a 4500
001 vtls000098309
003 SK-MaSNL
005 20260305024345.0
008 150501c1981 xo 0 slo
015 |a SNBRB19rr/mm-uuuuu 
035 |a CL0108412 
040 |a SNKBUCL  |b slo  |c SNKBUCL  |e AACR2 
041 0 |a slo 
044 |a xo  |c SK 
080 |a 338.2  |2 1981 
100 1 |a Ganev, A.  |4 aut  |9 1603139 
245 1 0 |a BĽR: Nové metódy hospodárenia  |c A. Ganev 
650 0 7 |a národné hospodárstvo  |2 snkbucl  |9 846 
650 0 7 |a BĽR  |2 snkbucl  |9 924685 
655 7 |a články z novín a časopisov  |2 snkbucl  |9 267496 
773 0 |t Nové slovo  |g Roč. 23, č. 29 (1981), s. 10 
850 |a Slovenská národná knižnica v Martine  |a MTA001 
852 |a SNK  |b KIS3GCP 
958 |a RK 
958 |a BG 
992 |a RBX 
999 |c 3301913  |d 3303843